00000000nam 2200000zi 4500
0019.946607
003CaOODSP
00520250109074753
006m     o  d f      
007cr mn|||||||||
008250108t19731977onc     o    f000 0 fre d
020 |a0662008995 |q(bilingue ; |qimprimé)
040 |aCaOODSP|bfre|erda|cCaOODSP
0410 |aeng|afre
043 |an-cn---
0861 |aC2-54/1977-PDF|zC2-54/1977
24500|aGrains and Oilseeds Marketing Incentives Program, GOMI = |bProgramme stimulant la commercialisation des céréales et oléagineux, GOMI.
24611|aProgramme stimulant la commercialisation des céréales et oléagineux, GOMI
264 1|aOttawa, Canada : |bDepartment of Industry, Trade and Commerce = Ministère de l'industrie et du commerce, |c1973.
264 4|c©1977
300 |a1 ressource en ligne (22 pages)
336 |atexte|btxt|2rdacontent/fre
337 |ainformatique|bc|2rdamedia/fre
338 |aressource en ligne|bcr|2rdacarrier/fre
500 |a« Information Canada, Ottawa, 1973 » -- Couverture arrière.
500 |aÉdition numérisée de l'imprimé [par Innovation, sciences et développement économique Canada].
546 |aTexte en anglais et en français.
650 6|aCéréales|zCanada|xCommercialisation|xFinances.
650 6|aGraines oléagineuses|zCanada|xCommercialisation|xFinances.
650 6|aCéréales|xCommerce|xPolitique gouvernementale|zCanada.
650 6|aIndustries huilières|xPolitique gouvernementale|zCanada.
7101 |aCanada. |bMinistère de l'industrie et du commerce, |eorganisme de publication.
788 |tGrains and Oilseeds Marketing Incentives Program, GOMI = |eeng|w(CaOODSP)9.946606
85640|qPDF|s865 Ko|uhttps://publications.gc.ca/collections/collection_2025/isde-ised/c2/C2-54-1977.pdf